00830 2200181 4500245005800000020002200058250001100080100002300091700001800114650002000132005001900152260004100171041001400212084000800226300002500234500038000259336000900639 aPutri Malu - Maluin SejagatcBeby Haryanti DewihText a978-602-8851-53-4 aCet. 1 abeby Haryanti Dewi aAzzura Dayana aNovel Indonesia a20231003113551 aJakartabLingkar Pena Kreativac2011 aIndonesia a813 a194 hlm. :c20.5 cm. aPutri Brinette memiliki adik perempuan. Namanya Putri Concetta. Berbeda dengan Putri Brinette yang agak barbar, Putri Concetta memiliki perasaan yang sangat sensitif. Jika ada sesuatu yang menyakiti hatinya, ia langsung ingin mati. Alasan pengen matinya juga enggak penting-penting amat. Masak cuma gara-gara lihat ayam diuber-uber aja dia ingin bunuh diri? Lebay banget,kan? atext